Games With Dice - Sudden Death - Statistics

General Stats
  • This quiz has been taken 60 times
  • The average score is 6 of 20
Answers on the Grid
Answers color-coded by a green-red scale on the quiz's grid according to % correct below.
Farkle
Trivial Pursuit
Dungeons and Dragons
Monopoly
Sorry
Trouble
Clue/Cluedo
Battleship
Settlers of Catan
The Game of Life
Guess Who
Scrabble
Boggle
Candyland
Yahtzee
Risk
Twister
Backgammon
Snakes and Ladders
Scattergories
Mouse Trap
Tenzi
Shut the Box
Poker
Checkers/Draughts
Chess
Parcheesi/Ludo
Left Center Right
Perudo
Craps
 
Answer Stats
Answer % Correct
Monopoly
63%
Yahtzee
56%
Snakes and Ladders
46%
Trivial Pursuit
44%
Dungeons and Dragons
40%
Clue/Cluedo
35%
Backgammon
33%
Boggle
33%
Craps
33%
Mouse Trap
33%
Risk
27%
Scattergories
25%
Shut the Box
25%
Trouble
25%
Farkle
17%
Settlers of Catan
17%
Tenzi
15%
Parcheesi/Ludo
13%
Perudo
8%
Left Center Right
6%
No matching quizzes found
Score Distribution
Percent of People with Each Score
Percentile by Number Answered
Your Score History
You have not taken this quiz